000 00572nam a22002051c 4500
001 192344242
008 170607s1972 gw |||| 000u eng d
020 _a0198271824
_90-19-827182-4
041 _aeng
100 1 _aPolonsky, Antony
245 0 0 _aPolitics in independent Poland :
_b1921 - 1939 ; the crisis of constitutional government /
_cAntony Polonsky
264 _aOxford :
_bClarendon Press,
_c1972
300 _aXVI, 572 S : Kt
648 0 _a1921-1939
650 0 _aPolitik
651 0 _aPolen
942 _cMG
040 _cRU-10907106
003 RU-10907106
999 _c42379
_d42379